000
00167nam a2200073Ia 4500
008
170620s9999 xx 000 0 und d
100
_a
JOSHI
245
0
_a
TEACHING OF SOCIAL STUDIES
260
_b
APH PU
999
_c
26324
_d
26324